<?xml version="1.0" encoding="UTF-8"?>
<collection xmlns="http://www.loc.gov/MARC21/slim">
    <record>
        <controlfield tag="001">31626</controlfield>
        <controlfield tag="005">20190219123636.0</controlfield>
        <datafield tag="037" ind1=" " ind2=" ">
            <subfield code="a">TESIS-2015-067</subfield>
        </datafield>
        <datafield tag="041" ind1=" " ind2=" ">
            <subfield code="a">spa</subfield>
        </datafield>
        <datafield tag="080" ind1=" " ind2=" ">
            <subfield code="a">159.9:17</subfield>
        </datafield>
        <datafield tag="100" ind1="1" ind2=" ">
            <subfield code="a">Fabregat Rosas, Alfonso</subfield>
        </datafield>
        <datafield tag="245" ind1="0" ind2="0">
            <subfield code="a">Ética y terapia familiar</subfield>
            <subfield code="b">Implicaciones éticas de la teoría del reconocimiento de Axel Honneth en la terapia familiar sistémica multigeneracional</subfield>
        </datafield>
        <datafield tag="260" ind1=" " ind2=" ">
            <subfield code="a">Zaragoza</subfield>
            <subfield code="b">Universidad de Zaragoza, Prensas de la Universidad</subfield>
            <subfield code="c">2015</subfield>
        </datafield>
        <datafield tag="300" ind1=" " ind2=" ">
            <subfield code="a">508</subfield>
        </datafield>
        <datafield tag="490" ind1="0" ind2=" ">
            <subfield code="a">Tesis de la Universidad de Zaragoza</subfield>
            <subfield code="v">2015-66</subfield>
            <subfield code="x">2254-7606</subfield>
        </datafield>
        <datafield tag="500" ind1=" " ind2=" ">
            <subfield code="a">Presentado:  30 06 2015</subfield>
        </datafield>
        <datafield tag="502" ind1=" " ind2=" ">
            <subfield code="a">Tesis-Univ. Zaragoza, Filosofía, 2015</subfield>
            <subfield code="b">Zaragoza, Universidad de Zaragoza</subfield>
            <subfield code="c">2015</subfield>
        </datafield>
        <datafield tag="506" ind1=" " ind2=" ">
            <subfield code="a">by-nc-nd</subfield>
            <subfield code="b">Creative Commons</subfield>
            <subfield code="c">3.0</subfield>
            <subfield code="u">https://creativecommons.org/licenses/by-nc-nd/3.0/</subfield>
        </datafield>
        <datafield tag="520" ind1=" " ind2=" ">
            <subfield code="a">Centrado el concepto de familia, me di a la tarea de explorar el reconocimiento dentro de la misma planteándolo como una categoría ética a tener en cuenta en las intervenciones terapéuticas en el ámbito familiar. En la investigación buscaba tres objetivos fundamentales:  Por un lado exponer la necesidad del individuo por lograr su pleno reconocimiento dentro de las relaciones afectivas primarias (amistad, amor y familia).  Una vez expuesta dicha necesidad de reconocimiento individual y familiar era el momento de demostrar la posibilidad de intervenir y lograr el reconocimiento dentro de las actuaciones propias de la terapia familiar sistémica. Para esto era necesario encontrar aquel planteamiento sistémico dentro de un punto de vista bio-psico-socio-familiar que no hipertrofie lo familiar en detrimento de ninguna de las otras dimensiones (Cfr. Navarro, 1995) Por último resalto una figura que me parece crucial: el terapeuta. Dentro de la sistémica éste no es alguien que trabaja única y exclusivamente con las familias, sino alguien que trabaja las relaciones de reconocimiento que se dan entre individuos e instituciones en múltiples niveles de análisis, incluyendo tanto lo inter- como la intrapersonal, lo social como lo biológico, lo conductual como lo cognitivo, etc. </subfield>
        </datafield>
        <datafield tag="653" ind1="1" ind2=" ">
            <subfield code="a">ética filosófica</subfield>
        </datafield>
        <datafield tag="653" ind1="1" ind2=" ">
            <subfield code="a">psicoterapia</subfield>
        </datafield>
        <datafield tag="653" ind1="1" ind2=" ">
            <subfield code="a">filiación familiar y parentesco</subfield>
        </datafield>
        <datafield tag="700" ind1=" " ind2=" ">
            <subfield code="a">Siurana Aparisi, Juan Carlos</subfield>
            <subfield code="e">dir.</subfield>
        </datafield>
        <datafield tag="700" ind1=" " ind2=" ">
            <subfield code="a">Blasco Aznar, Pedro Luis</subfield>
            <subfield code="e">dir.</subfield>
        </datafield>
        <datafield tag="710" ind1="2" ind2=" ">
            <subfield code="a">Universidad de Zaragoza</subfield>
            <subfield code="b">Filosofía</subfield>
        </datafield>
        <datafield tag="856" ind1="0" ind2=" ">
            <subfield code="f">chperez@unizar.es</subfield>
        </datafield>
        <datafield tag="856" ind1="4" ind2=" ">
            <subfield code="s">2846417</subfield>
            <subfield code="u">http://zaguan.unizar.es/record/31626/files/TESIS-2015-067.pdf</subfield>
            <subfield code="z">Texto completo (spa)</subfield>
        </datafield>
        <datafield tag="909" ind1="C" ind2="O">
            <subfield code="o">oai:zaguan.unizar.es:31626</subfield>
            <subfield code="p">driver</subfield>
        </datafield>
        <datafield tag="909" ind1="c" ind2="o">
            <subfield code="p">tesis</subfield>
        </datafield>
        <datafield tag="910" ind1="2" ind2=" ">
            <subfield code="a">Filosofía moral y política</subfield>
            <subfield code="b">Filosofía</subfield>
        </datafield>
        <datafield tag="980" ind1=" " ind2=" ">
            <subfield code="a">TESIS</subfield>
        </datafield>
    </record>

    
</collection>